История благотворительности в России. Москва и московская пресса конца ХIХ века: учебное пособие для вузов

Λεπτομέρειες βιβλιογραφικής εγγραφής
Κύριος συγγραφέας: Богданов В. П. Владимир Павлович
Περίληψη:В предлагаемом учебном пособии различные явления и процессы благотворительности конца XIX в. рассмотрены на материалах российской периодической печати — источнике, не привлекавшемся прежде для этих целей. Анализируются типы и виды публикаций о благотворительности. Методике работы с ними посвящен отдельный раздел книги. Автору удалось воссоздать коллективный образ московского благотворителя, проследить особенности функционирования системы общественного призрения в условиях модернизации и одновременного сохранения патриархальных форм, рассмотреть дискуссии о путях развития благотворительности в Москве и России в целом, получить представление о том, кому оказывали помощь многочисленные благотворительные организации. Пособие может быть полезно москвоведам, историкам благотворительности, источниковедам, журналистам и всем интересующимся прошлым России..
Γλώσσα:Ρωσικά
Έκδοση: Москва, Юрайт, 2019
Σειρά:Высшее образование
Θέματα:
Μορφή: Βιβλίο
KOHA link:https://koha.lib.tpu.ru/cgi-bin/koha/opac-detail.pl?biblionumber=342571

MARC

LEADER 00000nam0a2200000 4500
001 342571
005 20231102005451.0
010 |a 9785534100310 
035 |a (RuTPU)RU\TPU\book\371694 
090 |a 342571 
100 |a 20190318d2019 m y0rusy50 ca 
101 0 |a rus 
102 |a RU 
105 |a a j 001zy 
200 1 |a История благотворительности в России. Москва и московская пресса конца ХIХ века  |e учебное пособие для вузов  |f В. П. Богданов 
210 |a Москва  |c Юрайт  |d 2019 
215 |a 353 с.  |c ил. 
225 1 |a Высшее образование 
320 |a Библиогр.: с. 327-338 
320 |a Имен. указ.: с. 339-345 
330 |a В предлагаемом учебном пособии различные явления и процессы благотворительности конца XIX в. рассмотрены на материалах российской периодической печати — источнике, не привлекавшемся прежде для этих целей. Анализируются типы и виды публикаций о благотворительности. Методике работы с ними посвящен отдельный раздел книги. Автору удалось воссоздать коллективный образ московского благотворителя, проследить особенности функционирования системы общественного призрения в условиях модернизации и одновременного сохранения патриархальных форм, рассмотреть дискуссии о путях развития благотворительности в Москве и России в целом, получить представление о том, кому оказывали помощь многочисленные благотворительные организации. Пособие может быть полезно москвоведам, историкам благотворительности, источниковедам, журналистам и всем интересующимся прошлым России.. 
606 1 |a Благотворительность  |2 stltpush  |3 (RuTPU)RU\TPU\subj\52455  |9 70888 
610 1 |a экономика 
610 1 |a Россия 
610 1 |a 19 век 
610 1 |a Москва 
610 1 |a периодическая печать 
610 1 |a газеты 
610 1 |a благотворители 
610 1 |a благотворительные общества 
610 1 |a мотивы 
610 1 |a история 
610 1 |a учебные пособия 
686 |a У9(2)278я73  |v LBC/SL-A  |2 rubbk 
700 1 |a Богданов  |b В. П.  |g Владимир Павлович 
801 1 |a RU  |b 63413507  |c 20190318 
801 2 |a RU  |b 63413507  |c 20191120  |g RCR 
942 |c BK 
959 |a 2/20190315  |d 1  |e 739,00  |f ЧЗГЛ:1